Statistics for Anime Waifus

Click here to take the quiz!

General Stats

  • This quiz has been taken 164 times
  • The average score is 9 of 15

Answer Stats

Answer% Correct
Zero Two
90%
Rem
85%
Tsunade
79%
Asuna
77%
Emilia
68%
Erza
64%
Esdeath
63%
Rias
63%
Maki
57%
Raphtalia
56%
Tatsumaki
56%
Mirko
40%
Yoko
24%
Shouko
18%
Celty
14%

Score Distribution

Percentile by Number Answered

Percent of People with Each Score

Your Score History

You have not taken this quiz